000 00296nam a22001337a 4500
008 170329b xxu||||| |||| 00| 0 eng d
020 _a0721655785
041 _aeng
080 _215ED
_a616-053.2
100 _a8
101 _aSHM
245 _aTEXBOOK OF PEDIATRICS
_cNELSON.W
942 _2udc
_cBK
999 _c8921
_d8921